000 00519nam a2200193Ia 4500
005 20260120131251.0
008 008 260114s9999 xx 000 0 eng d
020 _a9780191823237
037 _aEBOOK
040 _aCRL
_beng
_cCRL
041 _aeng
_2eng
084 _qCRL
100 _aGelber
_9924947
245 0 _aFree Speech After 9/11
260 _bOxford University PressOxford University Press
_c2016
856 _uhttps://academic.oup.com/book/26180
942 _cEBOOK
999 _c1516861
_d1516861